000 00254nam a2200097Ia 4500
001 714325
005 20250826162903.0
008 250824s9999 xx 000 0 und d
245 0 _aOLDUĞUM GİBİ SEV BENİ
_cZEKERİYA EFİLOĞLU
260 _bHAYAT YAYINLARI
999 _c714325
_d714325